Základné pôdne a morfometrické charakteristiky Trnavského kraja

Bibliographic Details
Main Authors: Bohunčáková, Slávka (Author), Orságová, Katarína (Author), Styk, Ján, pôdohospodár (Author), Pálka, Boris (Author)
Format: Article
Language:Slovak
PhysicalDescription:Mp., tab.
ISSN:1335-2466
Subjects:

MARC

LEADER 00000nab a2200000 a 4500
001 vtls010110324
003 SK-MaSNL
005 20260304183906.0
008 250708c2010 xo ||||||||||||00 b|slo
015 |a SNBRB2010/06  |2 snkbucl 
035 |a (uuid)caf22387-0d28-4e3f-99ad-360d4399a893 
035 |a urn:nbn:sk:snk-ab16d8 
035 |a (urnnbn)urn:nbn:sk:snk:ar-a04fog 
038 |a SNKBUCL 
040 |a SNKBUCL  |b slo  |c SNKBUCL  |e AACR2 
041 0 |a slo 
044 |a xo  |c SK 
080 |a 631.4  |x (437.6)  |2 1997 
245 0 0 |a Základné pôdne a morfometrické charakteristiky Trnavského kraja  |c S. Bohunčáková ... [et al.] 
300 |b Mp., tab. 
650 0 7 |a poľnohospodárska pôda  |2 snkbucl  |9 31794 
650 0 7 |a pôda  |2 snkbucl  |9 1159 
650 0 7 |a klasifikácia pôd  |2 snkbucl  |9 255006 
650 0 7 |a svahovitosť  |2 snkbucl  |9 1486651 
650 0 7 |a pôdna erózia  |2 snkbucl  |9 55316 
650 0 7 |a kvalita pôdy  |2 snkbucl  |9 73797 
650 0 7 |a pôdne typy  |2 SNKPH  |9 255011 
651 7 |a Trnavský samosprávny kraj (Slovensko)  |2 snkbucl  |9 146023 
700 1 |a Bohunčáková, Slávka  |4 aut  |9 780380 
700 1 |a Orságová, Katarína  |4 aut  |9 23444 
700 1 |a Styk, Ján,  |c pôdohospodár  |4 aut  |9 5379 
700 1 |a Pálka, Boris  |4 aut  |9 325610 
773 0 |t Naše pole  |g Roč. XIV, č. 6 (2010), s. 42-44  |x 1335-2466 
850 |a Slovenská národná knižnica 
852 |a Slovenská národná knižnica 
954 |a odborná, vedecká literatúra pôvodná (slovenská)  |2 lita 
958 |a article27 
958 |a SK 
958 |a OND 
958 |a EUIPO 
999 |c 3036105  |d 3038035